1731 1915 1937 1737 1455 1356 1396 1657 1975 1986 1946 1663 1990 1142 1954 1013 1581 1744 1555 1570 1944 1549 1380 1325 1948 1569 1895 1242 1161 1874 1489 1799 1816 1589 1023 1381 1085 1307 1135 1820 1942 1978 1621 1720 1604 1898 1481 1162 1239 1667 1910 1230 1978 1461 1168 1197 1670 1947 1395 1073 1261 1091 1667 1039 1005 1169 1755 1912 1936 1846 1654 1215 1218 1615 1829 1612 1658 1833 1958 1231 1578 1879 1800 1064 1163 1840 1954 1140 1217 1784 1443 1136 1098 1426 1841 1019 1058 1752 1688 BCNSPRNW ULIB Ver.6.0+V

เปลี่ยนเป็นภาษาไทย

Change to English
 แสดงรายละเอียดบรรณานุกรม
  กลับหน้าหลัก

Brief Record : Get Marc (ISO 2709) : E-mail record : QR code < ปิดหน้าต่าง
LEADER : 00000nam 2200000uu 4500
001    13399115099
003     ULIB
008    120709s2551||||th 000 0 tha d
020    ^a9789747706598
090    ^aนว.^bล699ค 2551
100 0  ^aลูกชุบ
245 00 ^aคีย์รัก จังหวะหัวใจ เล่ม 1/^cลูกชุบ
250    ^aพิมพ์ครั้งที่ 1
260    ^aกรุงเทพฯ :^bแจ่มใส,^c2551
300    ^a223 หน้า
710 1  ^aแจ่มใส
945    ^p0^l0^i14813
995    ^aกัณชพร
999    ^aใช้งานได้ทุกระบบ
รายการนี้ยังไม่มีแท็ก
คุณยังไม่ได้ล็อกอิน คุณสามารถมีกิจกรรมร่วมกับเว็บไซต์ได้ แต่ต้องล็อกอินก่อน ::
  ล็อกอิน

รายการสื่อสารสนเทศ

ลำดับที่ ประเภท เลขเรียก/บาร์โค้ด สถานที่ สถานะ
1. นวนิยาย
นวนิยาย
นว. ล699ค 2551  
  Barcode: 14813
ห้องสมุดวิทยาเขตสวรรค์ประชารักษ์
►นวนิยาย
บนชั้น
  ขอยืม

รายการใกล้เคียง
    ผู้แต่ง [ลูกชุบ]

BibComment


ยังไม่เคยถูกคอมเมนท์

คอมเมนท์ทรัพยากรรายการนี้
  คอมเมนท์: คีย์รัก จังหวะหั..


 Copyright 2026. Bcnsprnw @Library